000 00904nam a2200253 a 4500
001 64655
003 BD-RjUL
005 20211209081331.0
008 170219r1971 enk 000 0 eng d
035 _a(BD-RjUL)64785
040 _aNNC
_cNNC
_d(BD-RjUL)
_beng
041 _aeng
082 _222
_a822.2
_bTHR 1971
245 0 0 _aThree Australian plays /
_cintroduction by H. G. Kippax.
260 _aHarmondsworth, Eng. ;
_aBaltimore, Md. :
_bPenguin Books,
_c1963 [Reprinted 1971]
300 _a311 p. ;
_c19 cm.
490 0 _aPenguin plays ;
_vAU 3
505 1 _aContents: The one day of the year / Alan Seymour -- Ned Kelly / Douglas Stewart -- The tower / Hal Porter.
650 0 _aAustralian drama
_y20th century.
_9191693
700 1 _aSeymour, Alan.
_tOne day of the year.
_9191694
700 1 _aStewart, Douglas.
_tNed Kelly.
_9191695
700 1 _aPorter, Hal.
_tTower.
_9191696
942 _2ddc
_cBK
999 _c64655
_d64655